004_ Personnalités nées un 4 janvier par images - Statistiques

Statistiques générales
  • Ce quiz a été pris 63 fois
  • Le résultat moyen est 4 sur 9
Statistiques - réponses
Par images Hint Réponse % Correct
Journaliste et Vidéaste Jeremstar
79%
Basketteur Victor Wembanyama
77%
Footballeur Toni Kroos
69%
Scientifique Isaac Newton
61%
Vidéaste Léa Elui
54%
Inventeur Louis Braille
30%
Chanteuse Maëlle
28%
Ornithologue James Bond
5%
Écrivain Jacob Grimm
2%
Aucun quiz correspondant
Distribution des résultats
% des personnes avec chaque résultat
Percentile par nombre de réponses
Votre historique - résultats
Vous n’avez pas pris ce quiz